[Event "Challenge"]
[Site "http://www.queenalice.com/game.php?id=531877"]
[Date "2009.1.30"]
[Round "-"]
[White "canadian_dude"]
[Black "manucies"]
[Result "1-0"]
[WhiteElo "1100"]
[BlackElo "1641"]

1. e4 e5 2. Nf3 d6 3. d4 f6 4. d5 Ne7 5. Bb5+ Bd7 6. Bxd7+ Nxd7 7. c3 f5 8. Nfd2
fxe4 9. Nxe4 Nf6 10. Nbd2 Nxe4 11. Nxe4 Nf5 12. O-O Qh4 13. f3 g6 14. g3 Qh3 15.
a4 Bh6 16. Bxh6 Qxh6 17. Nf6+ Kf7 18. Ng4 Qg5 19. Qb3 Ne3 20. h4 Qd8 21. Nxe3 b6
22. Ng4 h5 23. Ne3 g5 24. g4 gxh4 25. f4 Ke7 26. Nf5+ Kd7 27. Rae1 hxg4 28. c4
a6 29. fxe5 dxe5 30. Rxe5 Re8 31. Qe3 Rxe5 32. Qxe5 Qe8 33. Qg7+ Kc8 34. Nd6+
cxd6 35. Rf8 Qxf8 36. Qxf8+ Kb7 37. Qe7+ Kb8 38. Qxd6+ Kb7 39. Qc6+ Ka7 40. Qc7#
1-0

[Event "AUTO-OPEN-1423"]
[Site "http://www.queenalice.com/game.php?id=532005"]
[Date "2009.1.30"]
[Round "1"]
[White "johnson_PEBR"]
[Black "canadian_dude"]
[Result "1-0"]
[WhiteElo "1755"]
[BlackElo "1082"]

1. d4 Nf6 2. c4 Nc6 3. Nf3 d6 4. Nc3 Bf5 5. b4 Nxb4 6. Qa4+ Nc6 7. d5 b5 8. Qxb5
Qd7 9. dxc6 Qd8 10. Qxf5 e6 11. Qa5 a6 12. Rb1 Rb8 13. Rb7 Rxb7 14. cxb7 Qb8 15.
Qxa6 Be7 16. Qc6+ Nd7 17. Nb5 O-O 18. Qxd7 Re8 19. Nxc7 d5 20. Qxe8+ Bf8 21.
Qxb8 dxc4 22. Ba3 1-0

[Event "AUTO-OPEN-1423"]
[Site "http://www.queenalice.com/game.php?id=532006"]
[Date "2009.1.30"]
[Round "1"]
[White "canadian_dude"]
[Black "johnson_PEBR"]
[Result "0-1"]
[WhiteElo "1082"]
[BlackElo "1755"]

1. e4 c5 2. g3 Nc6 3. Bg2 Nf6 4. d3 g6 5. Nf3 Bg7 6. O-O O-O 7. Nc3 d6 8. Bg5 h6
9. Bxf6 Bxf6 10. Ne2 Bxb2 11. Rb1 Bg7 12. Nf4 Qa5 13. Bh3 Bxh3 14. Nxh3 b5 15.
Nf4 Rab8 16. a3 Qxa3 17. h4 a5 18. Nd5 Rb7 19. Rb3 Qa2 20. Nc3 Bxc3 21. Rxc3 b4
22. Rc4 b3 23. cxb3 Rxb3 24. Qc2 Qxc2 25. Rxc2 Rxd3 26. Ne1 Rb3 27. Ng2 Rfb8 28.
Nf4 Rb1 29. Nd5 Rxf1+ 30. Kxf1 Rb1+ 31. Kg2 Nb4 32. Nxb4 Rxb4 33. Rc3 Rxe4 0-1

[Event "AUTO-OPEN-1423"]
[Site "http://www.queenalice.com/game.php?id=532019"]
[Date "2009.1.30"]
[Round "1"]
[White "erivaldoadao"]
[Black "canadian_dude"]
[Result "1-0"]
[WhiteElo "1500"]
[BlackElo "1082"]

1. e4 e5 2. Nf3 Nf6 3. Nxe5 Nc6 4. Nxc6 dxc6 5. Nc3 Bg4 6. Be2 Qd6 7. O-O O-O-O
8. Bxg4+ Nxg4 9. Qxg4+ Qd7 10. Qxd7+ Rxd7 11. d3 Bc5 12. a3 g6 13. Bf4 Rg8 14.
Na4 g5 15. Nxc5 1-0

[Event "AUTO-OPEN-1423"]
[Site "http://www.queenalice.com/game.php?id=532020"]
[Date "2009.1.30"]
[Round "1"]
[White "canadian_dude"]
[Black "erivaldoadao"]
[Result "0-1"]
[WhiteElo "1082"]
[BlackElo "1498"]

1. e4 c5 2. g3 d6 3. h3 Nf6 4. Bb5+ Bd7 5. Bc4 e6 6. Nf3 Be7 7. Nc3 O-O 8. O-O
a6 9. b3 b5 10. Bd3 Nc6 11. a4 d5 12. exd5 Nxd5 13. axb5 Nxc3 14. dxc3 axb5 0-1

[Event "AUTO-OPEN-1424"]
[Site "http://www.queenalice.com/game.php?id=532675"]
[Date "2009.1.31"]
[Round "1"]
[White "canadian_dude"]
[Black "Boeing"]
[Result "0-1"]
[WhiteElo "1082"]
[BlackElo "1894"]

1. e4 e5 2. Nf3 d6 3. Bb5+ c6 4. Ba4 b5 5. Bb3 c5 6. Nc3 c4 7. Nxb5 cxb3 8. cxb3
Ba6 9. Nc3 Nc6 10. d3 h6 11. b4 Rb8 12. b5 Bxb5 13. Nxb5 Rxb5 14. O-O a5 0-1

[Event "AUTO-OPEN-1424"]
[Site "http://www.queenalice.com/game.php?id=532676"]
[Date "2009.1.31"]
[Round "1"]
[White "Boeing"]
[Black "canadian_dude"]
[Result "1-0"]
[WhiteElo "1892"]
[BlackElo "1082"]

1. e4 e5 2. Qh5 Nf6 3. Qxe5+ Qe7 4. Qxc7 Na6 5. Bxa6 bxa6 6. Nc3 Nxe4 7. Nce2 d5
8. Qxe7+ Bxe7 9. Nf3 O-O 10. O-O a5 11. d3 Nc5 12. Ned4 a6 13. Nc6 Bd6 14. Nxa5
Ra7 15. Be3 1-0

[Event "AUTO-BEG-289"]
[Site "http://www.queenalice.com/game.php?id=534209"]
[Date "2009.2.3"]
[Round "1"]
[White "canadian_dude"]
[Black "Barrettto"]
[Result "0-1"]
[WhiteElo "1100"]
[BlackElo "1461"]

1. e4 e6 2. d3 d5 3. f3 c6 4. c4 Bb4+ 5. Bd2 c5 6. Bxb4 cxb4 7. exd5 exd5 8.
cxd5 Qxd5 9. Qa4+ b5 10. Qxb4 Nf6 0-1